| 000 | 00861nam a2200241 i 4500 | ||
|---|---|---|---|
| 001 | 12498 | ||
| 003 | ES-MaACL | ||
| 005 | 20250804223815.0 | ||
| 008 | 921222s1991 sp |||| | spa d | ||
| 020 | _a84-7232-588-1 | ||
| 080 | _a329.3:28(8=6) | ||
| 080 | _a28(8=6):329.3 | ||
| 245 | 0 | 3 |
_aEl pensamiento democratacristiano / _cedición de Joaquín Roy. |
| 260 |
_aMadrid : _bCultura Hispánica, _c1991. |
||
| 300 |
_a267 p. ; _c24 cm. |
||
| 490 | 1 |
_aAntología del pensamiento político, social y económico de América Latina ; _v15 |
|
| 504 | _aBibliografía: p. [237]-259. | ||
| 650 | 1 | 4 |
_aDemocracia cristiana- _zAmérica Latina _911575 |
| 700 | 1 |
_aRoy, Joaquín. _9100202 |
|
| 830 | 1 | 0 |
_aAntología del pensamiento político, social y económico de América Latina _v15 _9178008 |
| 852 |
_aES-MaACL _jL-19706 |
||
| 999 |
_c12498 _d12498 |
||